Sinh lý học thực vật T.1 Sinh lý học thực vật

Nghiên cứu các quy luật hoạt động sống của thực vật, quá trình đảm bảo cho cây tồn tại và sinh sôi nẩy nở như: sinh lý tế bào, sự trao đổi nước của cây và nhu cầu dinh dưỡng khoáng và nitơ của thực vật

Đã lưu trong:
Chi tiết về thư mục
Tác giả chính: Phạm Đình Thái (Tác giả)
Tác giả khác: Nguyễn Tân (Tác giả)
Định dạng: Sách
Ngôn ngữ:Vietnamese
Được phát hành: H. Giáo dục 1978
Phiên bản:In lần thứ 2
Loạt:Sách đại học sư phạm
Những chủ đề:
Các nhãn: Thêm thẻ
Không có thẻ, Là người đầu tiên thẻ bản ghi này!
Thư viện lưu trữ: Mạng thư viện Đại học Đà Nẵng
LEADER 01259nam a2200361 4500
001 000009136
003 5331
005 20111025091039.0
008 111025s1978 viesd
020 |c 1đ 
041 0 |a vie 
082 |a 571.2  |b PH-T 
100 0 |a Phạm Đình Thái  |e Tác giả 
245 1 0 |a Sinh lý học thực vật  |c Phạm Đình Thái; Nguyễn Tân  |n T.1  |p Sinh lý học thực vật 
250 |a In lần thứ 2 
260 |a H.  |b Giáo dục  |c 1978 
300 |a 223 tr.  |c 24 cm 
490 |a Sách đại học sư phạm 
520 |a Nghiên cứu các quy luật hoạt động sống của thực vật, quá trình đảm bảo cho cây tồn tại và sinh sôi nẩy nở như: sinh lý tế bào, sự trao đổi nước của cây và nhu cầu dinh dưỡng khoáng và nitơ của thực vật 
653 |a Thực vật 
653 |a Giáo trình 
653 |a Sinh lý học 
700 |a Nguyễn Tân  |e Tác giả 
700 |a Phạm Đình Thái  |e Tác giả 
910 |a duyên 
OWN |a LSP 
999 |a From the UDN01 
TYP |a Monograph 
TYP |a Printed language 
980 |a Mạng thư viện Đại học Đà Nẵng